Normal view
MARC view
Entry Personal Name
001 - CONTROL NUMBER
- control field: 75230
003 - CONTROL NUMBER IDENTIFIER
- control field: dpl
005 - DATE AND TIME OF LATEST TRANSACTION
- control field: 20241217105220.0
008 - FIXED-LENGTH DATA ELEMENTS
- fixed length control field: 241217|| aca||aabn | a|a d
040 ## - CATALOGING SOURCE
- Original cataloging agency: dpl
- Transcribing agency: dpl
100 ## - HEADING--PERSONAL NAME
- Personal name: Dhar, Aaditya Sengupta
670 ## - SOURCE DATA FOUND
- Source citation: Work cat.: (dpl)207738: Dhar, Aaditya Sengupta, Teen's Guide Saving World/, 2023
